| 000 | 00347nam a2200133Ia 4500 | ||
|---|---|---|---|
| 008 | 240624s9999 xx 000 0 und d | ||
| 041 | _aeng | ||
| 082 | _a951 TUC | ||
| 100 | _aTUCHMAN BARBARA W | ||
| 245 | _aMARCH OF FOLLY FROM TROY TO VIETNAM | ||
| 260 |
_c1984 _aNew York _bRandom House |
||
| 300 | _axvi, : 474 : p. : cm. ; 20 | ||
| 365 |
_c _b25 |
||
| 999 |
_c24139 _d24139 |
||